| 000 | 00935nam a22002895a 4500 | ||
|---|---|---|---|
| 003 | EG-ScBUE | ||
| 005 | 20221211110502.0 | ||
| 008 | 150817s2000 vraa f 001 0 eng d | ||
| 020 | _a1875498273 (Set No.) | ||
| 020 | _a1864700661(v.6) | ||
| 020 | _a9781864700664 | ||
| 040 |
_aEG-ScBUE _beng _erda _cEG-ScBUE _dEG-ScBUE |
||
| 082 | 0 | 4 |
_a724.605 _222 _bINT |
| 245 | 0 | 0 | _aInternational architecture yearbook. |
| 250 | _aMillennium edition. | ||
| 264 | 1 |
_aMulgrave : _bImages Australia, _c2000. |
|
| 300 |
_a6 volumes : _bcolor illustrations ; _c31 cm |
||
| 500 | _aIncludes index. | ||
| 590 | _ayassmeen ashraf | ||
| 650 | 7 |
_aArchitecture, Modern _y20th century _vPeriodicals. _2BUEsh |
|
| 650 | 7 |
_aArchitecture, Modern _y21st century _vPeriodicals. _2BUEsh |
|
| 650 | 7 |
_aArchitectural design _xPeriodicals. _2BUEsh |
|
| 651 | _2BUEsh | ||
| 653 |
_bENGGEN _cAugust2015 |
||
| 655 | _vReading book | ||
| 942 |
_cBB _k724.605 INT _2ddc |
||
| 999 |
_c3048 _d3048 |
||